Devinez le Pays Mystère #119 - Statistiques

Statistiques générales
  • Ce quiz a été pris 432 fois
  • Le résultat moyen est 7 sur 11
Statistiques - réponses
Type de Réponse Réponse % Correct
Lettre Trouvée A
96%
Lettre Trouvée N
94%
Lettre Trouvée O
88%
Lettre Trouvée G
70%
Lettre Bien Placée A
63%
Lettre Trouvée T
60%
Lettre Bien Placée N
59%
Lettre Bien Placée T
55%
Lettre Bien Placée G
52%
Lettre Bien Placée O
52%
Pays Mystère Tonga
52%
Aucun quiz correspondant
Distribution des résultats
% des personnes avec chaque résultat
Percentile par nombre de réponses
Votre historique - résultats
Vous n’avez pas pris ce quiz